|
|
|
|
| LEADER |
00938cam a2200277 7i4500 |
| 001 |
0000036237 |
| 005 |
20200107090000.0 |
| 007 |
##ta |
| 008 |
200107s2018 xxk o 000 eng d |
| 020 |
# |
# |
|a 9781787149526
|
| 040 |
# |
# |
|a MATR
|
| 090 |
0 |
0 |
|a B 658.45
|b MAS
|
| 245 |
0 |
0 |
|a MASTERING BUSINESS FOR STRATEGIC COMMUNICATORS :
|b Insights and Advice from the C-suite of Leading Brands
|c Edited by Matthew W. Ragas, Ron Culp.
|
| 264 |
# |
1 |
|a United Kingdom:
|b Emerald Publishing,
|c 2018.
|
| 264 |
# |
4 |
|a ♭2018.
|
| 300 |
# |
# |
|a xxix, 243 pages:
|b illustrations;
|c 28 cm.
|
| 336 |
# |
# |
|a text
|2 rdacontent
|
| 337 |
# |
# |
|a unmediated
|2 rdamedia
|
| 338 |
# |
# |
|a volume
|2 rdacarrier
|
| 650 |
# |
0 |
|a Strategic planning
|
| 650 |
# |
0 |
|a Public relations
|
| 650 |
# |
0 |
|a Corporate culture
|
| 650 |
# |
0 |
|a Business communication
|
| 700 |
1 |
# |
|a Ragas, Matthew W.(
|d 1977-)
|
| 700 |
1 |
# |
|a Culp, Ron(
|d 1947-)
|
| 999 |
|
|
|a 0000040444
|b Book
|c Book
|e Business Information Centre
|